• 首页
  • 本馆介绍
  • 公告通知
  • 最新文献
  • 馆藏检索
  • 电子资源
  • 读者导购
  • 参考咨询
  • 我的图书馆
  • 登录
  • 详细信息显示
  • 放入我的书架
  • 预约/预借图书
  • 作者相关作品
  • 分类相关作品
  • 丛书相关作品
  • 出版社相关作品

书目信息

  • 表格格式
  • 工作单格式
  • 卡片格式
题名:
李群
    
 
作者: 孟道骥 , 白承铭 著
分册:  
出版信息: 北京   科学出版社  2003
页数: 374页
开本: 21cm
丛书名: 中国科学院研究生教学丛书
单 册:
中图分类: O152.5
科图分类:
主题词: 李群--研究生--教材 , 李群
电子资源:
ISBN: 7-03-011346-2
000 00912oam2 2200277 450
001 090024555120
005 20051116095510.68
010    @a7-03-011346-2@dCNY25.00
092    @aCN
100    @a20040328d2003 ekmy0chiy0120 ea
101 0  @achi
102    @aCN@b110000
105    @aak z 000yy
200 1  @a李群@9li qun@f孟道骥,白承铭著@Fmeng dao ji,bai cheng ming zhu
210    @a北京@c科学出版社@d2003
215    @a374页@c图@d21cm
225 2  @a中国科学院研究生教学丛书
330    @a本书首先讲述拓扑群与微分几何这些李群的准备知识,并讲述李群的基本理论、李群的结构、李群的自同构群与表示等,并提供大量例子,以帮助学习者理解其抽象理论。
410  0 @12001 @a中国科学院研究生教学丛书
606 0  @a李群@x研究生@x教材
606 0  @a李群
690    @aO152.5@v4
701  0 @a孟道骥@Ameng dao ji@4著
701  0 @a白承铭@Abai cheng ming@4著
801  0 @aCN@bCXYBOOK@c20051116
905    @a10447@dO152.5@e27
    
    李群/孟道骥,白承铭著.-北京:科学出版社,2003
    374页:图;21cm.-(中国科学院研究生教学丛书)
    
    
    ISBN 7-03-011346-2:CNY25.00
    本书首先讲述拓扑群与微分几何这些李群的准备知识,并讲述李群的基本理论、李群的结构、李群的自同构群与表示等,并提供大量例子,以帮助学习者理解其抽象理论。
●
相关链接 在E读中查询图书 在五车中查询图书 在当当中查询图书 在豆瓣中查询图书


正题名:李群     索取号:O152.5/27         预约/预借

序号 登录号 条形码 馆藏地/架位号 状态 备注
1 0368116   203681168   第二样本阅览室/ [索取号:O152.5/27] 在馆    
2 0368117   203681177   第三借阅区/ [索取号:O152.5/27] 在馆    
3 0368118   203681186   第三借阅区/ [索取号:O152.5/27] 在馆    
4 0368119   203681195   第三借阅区/ [索取号:O152.5/27] 在馆    
5 0368120   203681202   第三借阅区/ [索取号:O152.5/27] 在馆    
唐山师范学院图书馆 欢迎您!
大连网信软件有限公司© 版权所有